Materiaux pour un corpus inscriptionum Monuments d Alem

Saved in:

Main Author: Herzfeld ,Ernst

Format: Book

Language: Undetermined

Published: le cairo 1948

Subjects:

Tags: Add Tag

No Tags, Be the first to tag this record!

Call Number: (F) DT 57.C185

LEADER 00534nam a2200157Ia 4500
008 230909s9999||||xx |||||||||||||| ||und||
050 4 |a (F) DT 57.C185  
100 1 |a Herzfeld ,Ernst  
245 1 0 |a Materiaux pour un corpus inscriptionum Monuments d Alem  
264 1 |a le cairo   |c 1948 
300 |c 23cm  
504 |a intended as a continuation of max  
650 4 |a Inscriptions , Arabic  
942 |2 lcc  |c BK 
952 |0 0  |1 0  |2 lcc  |4 0  |7 1  |9 50053  |a ARCE  |b ARCE  |d 2023-09-09  |l 0  |o (F) DT 57.C185   |r 2023-09-09 00:00:00  |w 2023-09-09  |y BK 
999 |c 54676  |d 54676